LEADER 02044nam 2200589 a 450 001 9910780594403321 005 20210113141209.0 010 $a0-585-47181-9 035 $a(CKB)111090860522220 035 $a(OCoLC)70748083 035 $a(CaPaEBR)ebrary10077772 035 $a(SSID)ssj0000465825 035 $a(PQKBManifestationID)11321811 035 $a(PQKBTitleCode)TC0000465825 035 $a(PQKBWorkID)10457816 035 $a(PQKB)10059543 035 $a(MiAaPQ)EBC3410591 035 $a(EXLCZ)99111090860522220 100 $a20150424d2002 uy| 0 101 0 $aeng 181 $ctxt$2rdacontent 182 $cc$2rdamedia 183 $acr$2rdacarrier 200 10$aExamWise For CIW Site Designer Certification$b[electronic resource] $eExam 1D0-420 /$fChad Bayer 210 $aFriendswood, TX, USA $cTotalRecall Publications$d2002 210 $cTotalRecall Publications 215 $a1 online resource (572 p.) 300 $aBibliographic Level Mode of Issuance: Monograph 311 $a1-59095-690-7 606 $aElectronic data processing personnel$xCertification 606 $aWeb sites$xDesign$vStudy guides 606 $aWeb site development$xExaminations$vStudy guides 606 $aInternetworking (Telecommunication)$xExaminations$vStudy guides 606 $aCOMPUTERS$2bisac 606 $aInformation Technology$2bisac 606 $aEngineering & Applied Sciences$2HILCC 606 $aComputer Science$2HILCC 615 0$aElectronic data processing personnel$xCertification. 615 0$aWeb sites$xDesign 615 0$aWeb site development$xExaminations 615 0$aInternetworking (Telecommunication)$xExaminations 615 7$aCOMPUTERS 615 7$aInformation Technology 615 7$aEngineering & Applied Sciences 615 7$aComputer Science 700 $aBayer$b Chad$01514874 801 0$bPQKB 801 2$bAzTeS 906 $aBOOK 912 $a9910780594403321 996 $aExamWise For CIW Site Designer Certification$93750318 997 $aUNINA LEADER 05085nam 2201045 450 001 9910790863203321 005 20230729082521.0 010 $a1-60406-570-2 024 7 $a10.1055/b-002-79376 035 $a(CKB)2550000001164229 035 $a(EBL)3038095 035 $a(SSID)ssj0000871045 035 $a(PQKBManifestationID)12390239 035 $a(PQKBTitleCode)TC0000871045 035 $a(PQKBWorkID)10819706 035 $a(PQKB)10045265 035 $a(MiAaPQ)EBC3038095 035 $a(Au-PeEL)EBL3038095 035 $a(CaPaEBR)ebr10795528 035 $a(CaONFJC)MIL476288 035 $a(OCoLC)923701012 035 $a10.1055-b-002-79376 035 $a(DE-2912)1496425433939 035 $a(EXLCZ)992550000001164229 100 $a20111102h20142014 uy 0 101 0 $aeng 135 $aur|n|---||||| 181 $ctxt 182 $cc 183 $acr 200 10$aLaryngeal Dissection and Surgery Guide /$fby: Dailey, Seth H., Verma, Sunil P. 210 1$aNew York :$cThieme Medical Publishers,$d[2014] 210 4$dİ2014 215 $a1 online resource (181 p.) 300 $aDescription based upon print version of record. 311 $a1-60406-569-9 311 $a1-299-45038-5 320 $aIncludes bibliographical references and index. 606 $aLarynx$xSurgery 606 $aOtolaryngology, Operative 615 0$aLarynx$xSurgery. 615 0$aOtolaryngology, Operative. 676 $a617.5/33 700 $aAllen$b Clint T$4aut$4http://id.loc.gov/vocabulary/relators/aut$01547448 702 $aDailey$b Seth H$4edt$4http://id.loc.gov/vocabulary/relators/edt 702 $aVerma$b Sunil P$4edt$4http://id.loc.gov/vocabulary/relators/edt 702 $aBelafsky$b Peter C$4aut$4http://id.loc.gov/vocabulary/relators/aut 702 $aBenninger$b Michael S$4aut$4http://id.loc.gov/vocabulary/relators/aut 702 $aBerke$b Gerald S$4aut$4http://id.loc.gov/vocabulary/relators/aut 702 $aBirchall$b Martin A$4aut$4http://id.loc.gov/vocabulary/relators/aut 702 $aBlitzer$b Andrew$4aut$4http://id.loc.gov/vocabulary/relators/aut 702 $aBlumin$b Joel H$4aut$4http://id.loc.gov/vocabulary/relators/aut 702 $aCastellanos$b Paul F$4aut$4http://id.loc.gov/vocabulary/relators/aut 702 $aChilds$b Lesley French$4aut$4http://id.loc.gov/vocabulary/relators/aut 702 $aCrumley$b Roger L$4aut$4http://id.loc.gov/vocabulary/relators/aut 702 $aDailey$b Seth H$4aut$4http://id.loc.gov/vocabulary/relators/aut 702 $aDamrose$b Edward J$4aut$4http://id.loc.gov/vocabulary/relators/aut 702 $aBon$b Francesca Del$4aut$4http://id.loc.gov/vocabulary/relators/aut 702 $aFord$b Charles N$4aut$4http://id.loc.gov/vocabulary/relators/aut 702 $aGarrett$b Gaelyn$4aut$4http://id.loc.gov/vocabulary/relators/aut 702 $aHeaford$b Andrew C$4aut$4http://id.loc.gov/vocabulary/relators/aut 702 $aHirano$b Shigeru$4aut$4http://id.loc.gov/vocabulary/relators/aut 702 $aHofman$b Henry T$4aut$4http://id.loc.gov/vocabulary/relators/aut 702 $aHolsinger$b Christopher$4aut$4http://id.loc.gov/vocabulary/relators/aut 702 $aKlein$b Adam M$4aut$4http://id.loc.gov/vocabulary/relators/aut 702 $aLaccourreye$b Ollivier$4aut$4http://id.loc.gov/vocabulary/relators/aut 702 $aLintzenich$b Catherine Rees$4aut$4http://id.loc.gov/vocabulary/relators/aut 702 $aLong$b Jennifer L$4aut$4http://id.loc.gov/vocabulary/relators/aut 702 $aMcCulloch$b Timothy M$4aut$4http://id.loc.gov/vocabulary/relators/aut 702 $aMcMurray$b Scott$4aut$4http://id.loc.gov/vocabulary/relators/aut 702 $aMerati$b Albert L$4aut$4http://id.loc.gov/vocabulary/relators/aut 702 $aNayar$b Ravi C$4aut$4http://id.loc.gov/vocabulary/relators/aut 702 $aPaniello$b Randal C$4aut$4http://id.loc.gov/vocabulary/relators/aut 702 $aPerreti$b Giorgio$4aut$4http://id.loc.gov/vocabulary/relators/aut 702 $aRickert$b Scott M$4aut$4http://id.loc.gov/vocabulary/relators/aut 702 $aSatalof$b Robert Thayer$4aut$4http://id.loc.gov/vocabulary/relators/aut 702 $aSharma$b Vaibhav$4aut$4http://id.loc.gov/vocabulary/relators/aut 702 $aTateya$b Ichiro$4aut$4http://id.loc.gov/vocabulary/relators/aut 702 $aVerma$b Sunil P$4aut$4http://id.loc.gov/vocabulary/relators/aut 702 $aWeinstein$b Gregory S$4aut$4http://id.loc.gov/vocabulary/relators/aut 702 $aWoo$b Peak$4aut$4http://id.loc.gov/vocabulary/relators/aut 702 $aWoodson$b Gayle$4aut$4http://id.loc.gov/vocabulary/relators/aut 702 $aWright$b Harry V$4aut$4http://id.loc.gov/vocabulary/relators/aut 702 $aWright$b Carter$4aut$4http://id.loc.gov/vocabulary/relators/aut 702 $aZeitels$b Steven M$4aut$4http://id.loc.gov/vocabulary/relators/aut 801 0$bDE-2912 906 $aBOOK 912 $a9910790863203321 996 $aLaryngeal Dissection and Surgery Guide$93803845 997 $aUNINA